|
|
|
|
| LEADER |
00701nab a2200169 i 4500 |
| 001 |
misc72935 |
| 005 |
20251021154109.0 |
| 008 |
240709s1993 hu o 000 hun d |
| 040 |
|
|
|a SZTE Miscellanea Repozitórium
|b hun
|
| 041 |
|
|
|a hun
|
| 245 |
0 |
0 |
|a Szent-Györgyi Albert születésének 100. évfordulóján
|h [elektronikus dokumentum] :
|b Centenáriumi programok
|
| 260 |
|
|
|c 1993-09-15
|
| 300 |
|
|
|a 3
|
| 490 |
0 |
|
|a Délmagyarország
|v 83 No. 215
|
| 561 |
|
|
|a Szent-Györgyi Albertről szóló irodalom
|
| 695 |
|
|
|a SZAB Szeged, tudományos előadások, Szent-Györgyi Albert, születési centenárium
|
| 856 |
4 |
0 |
|u http://misc.bibl.u-szeged.hu/72935/1/Delmagyarorszag_1993_09__pages207-207.pdf
|z Dokumentum-elérés
|